[Event "GER-chT U14"]
[Site "Kelheim"]
[Date "2022.12.27"]
[Round "1"]
[White "Schneble, Milan"]
[Black "Nhan, Jinhon Raymon"]
[Result "1/2-1/2"]
[WhiteElo "1521"]
[BlackElo "1511"]
[PlyCount "64"]
[EventDate "2022.12.26"]
[EventType "team-swiss"]
[EventRounds "7"]
[EventCountry "GER"]
[SourceTitle "CBM 212 Extra"]
[Source "ChessBase"]
[SourceDate "2023.03.31"]
[SourceVersion "1"]
[SourceVersionDate "2023.03.31"]
[SourceQuality "1"]
[WhiteTeam "Birkenfeld"]
[BlackTeam "Plettenberg"]
[WhiteTeamCountry "GER"]
[BlackTeamCountry "GER"]

1. d4 Nf6 2. Nf3 b6 3. c4 e6 4. Nc3 Bb7 5. Bg5 Bb4 6. e3 0-0 7. Be2 d6 8. 0-0 Nbd7 9. Na4 d5 10. c5 bxc5 11. a3 Ba5 12. Nxc5 Qc8 13. Rc1 c6 14. Qa4 Nxc5 15. Rxc5 Bb6 16. Rc2 Ne4 17. Bf4 f6 18. Bd3 g5 19. Bg3 Nxg3 20. hxg3 Rb8 21. b4 Qd7 22. e4 g4 23. Nd2 Bxd4 24. Nb3 Bb6 25. Nc5 Bxc5 26. Rxc5 Rfd8 27. Rfc1 Qd6 28. Qxa7 Rd7 29. Qa4 Ra8 30. Qb3 Kg7 31. Qc3 d4 32. Qb3 e5 1/2-1/2

[Event "GER-chT U14"]
[Site "Kelheim"]
[Date "2022.12.27"]
[Round "2"]
[White "Schneble, Milan"]
[Black "Werner, Florin"]
[Result "1/2-1/2"]
[WhiteElo "1521"]
[BlackElo "1761"]
[PlyCount "86"]
[EventDate "2022.12.26"]
[EventType "team-swiss"]
[EventRounds "7"]
[EventCountry "GER"]
[SourceTitle "CBM 212 Extra"]
[Source "ChessBase"]
[SourceDate "2023.03.31"]
[SourceVersion "1"]
[SourceVersionDate "2023.03.31"]
[SourceQuality "1"]
[WhiteTeam "Birkenfeld"]
[BlackTeam "Offenbach"]
[WhiteTeamCountry "GER"]
[BlackTeamCountry "GER"]

1. d4 d5 2. Nf3 Nf6 3. e3 c6 4. c4 Bf5 5. Nc3 e6 6. Be2 dxc4 7. Bxc4 Nbd7 8. 0-0 Be7 9. b3 Nb6 10. Bd3 Bxd3 11. Qxd3 0-0 12. Bb2 c5 13. Rfd1 Rc8 14. Rac1 c4 15. Qe2 a6 16. Nd2 cxb3 17. Nxb3 Nc4 18. Na4 b5 19. Nac5 Nd5 20. Bc3 Nxc3 21. Rxc3 a5 22. a4 bxa4 23. Nxa4 Nb6 24. Rxc8 Nxc8 25. Nac5 Qb6 26. Qa2 Rd8 27. Rc1 Bxc5 28. dxc5 Qc6 29. Qxa5 Rd5 30. Nd4 Qb7 31. Ra1 e5 32. Nc2 Qe7 33. Qa3 Rxc5 34. Ne1 Qc7 35. Nf3 Rc3 36. Qb2 h6 37. h3 Ne7 38. Ra7 Rc1+ 39. Kh2 Qxa7 40. Qxc1 Qb8 41. Kg1 Qd6 42. Qb2 Nc6 43. Qd2 Qxd2 1/2-1/2

[Event "GER-ch U12"]
[Site "Willingen"]
[Date "2020.10.29"]
[Round "4"]
[White "Schneble, Milan"]
[Black "Detjen, Mattes"]
[Result "1-0"]
[WhiteElo "1418"]
[BlackElo "1190"]
[PlyCount "105"]
[EventDate "2020.10.26"]
[EventType "swiss"]
[EventRounds "7"]
[EventCountry "GER"]
[SourceTitle "CBM 199 Extra"]
[Source "ChessBase"]
[SourceDate "2021.01.31"]
[SourceVersion "1"]
[SourceVersionDate "2021.01.31"]
[SourceQuality "1"]

1. d4 d5 2. e3 Nf6 3. c4 e6 4. Nf3 Be7 5. Nc3 0-0 6. Bd3 b6 7. Qc2 Bb7 8. cxd5 exd5 9. 0-0 c5 10. dxc5 bxc5 11. Rd1 d4 12. exd4 Bxf3 13. gxf3 cxd4 14. Ne4 Nbd7 15. Kh1 Rc8 16. Qe2 Nh5 17. Rg1 Ndf6 18. Nxf6+ Bxf6 19. Qe4 g6 20. Qg4 Bg7 21. Bd2 Qd6 22. a3 Qd5 23. Rge1 Nf6 24. Qf4 Nh5 25. Qe4 Qd7 26. Rac1 Rce8 27. Qh4 Rxe1+ 28. Rxe1 Qb7 29. Qe4 Qxb2 30. Bb4 Qxf2 31. Bxf8 Bxf8 32. Rf1 Qe3 33. Re1 Qxe4 34. Rxe4 Bc5 35. a4 f5 36. Re8+ Kf7 37. Rc8 Bb6 38. Rc4 a5 39. Rc6 Bd8 40. Rd6 Bf6 41. Ra6 Bd8 42. Ra7+ Kg8 43. Ra8 Kg7 44. Rxd8 Kh6 45. Rxd4 Kg5 46. Rc4 h6 47. h4+ Kf6 48. Rc6+ Kf7 49. Kg1 Nf4 50. Bc4+ Kg7 51. Ra6 g5 52. hxg5 hxg5 53. Rxa5 1-0

[Event "GER-ch U12"]
[Site "Willingen"]
[Date "2020.10.27"]
[Round "1"]
[White "Braeutigam, Alexander"]
[Black "Schneble, Milan"]
[Result "1-0"]
[WhiteElo "1631"]
[BlackElo "1418"]
[PlyCount "111"]
[EventDate "2020.10.26"]
[EventType "swiss"]
[EventRounds "7"]
[EventCountry "GER"]
[SourceTitle "CBM 199 Extra"]
[Source "ChessBase"]
[SourceDate "2021.01.31"]
[SourceVersion "1"]
[SourceVersionDate "2021.01.31"]
[SourceQuality "1"]

1. d4 d5 2. c4 Nf6 3. Nc3 e6 4. f3 Nc6 5. Nh3 h6 6. Nf2 dxc4 7. e3 Bb4 8. a3 Ba5 9. Bxc4 e5 10. d5 Ne7 11. e4 Bb6 12. Qe2 Ng6 13. Be3 Bxe3 14. Qxe3 Qe7 15. 0-0 0-0 16. Rfd1 Ne8 17. Rac1 Nf4 18. Nd3 Nd6 19. Ba2 Nxd3 20. Qxd3 f5 21. Nb5 fxe4 22. fxe4 Bg4 23. Rxc7 Qd8 24. Rdc1 Nxb5 25. Qxb5 a6 26. Qxb7 Qf6 27. R7c2 Rab8 28. Qc6 Qf4 29. h3 Qe3+ 30. Kh2 Bxh3 31. Qc3 Qxc3 32. Rxc3 Rxb2 33. Kxh3 Rxa2 34. Rd1 Re2 35. d6 Rd8 36. d7 Kf7 37. Rc4 Re3+ 38. Kg4 Ke7 39. Kf5 Rxd7 40. Rxd7+ Kxd7 41. Ra4 Rg3 42. Kxe5 a5 43. Kf4 Rg5 44. g4 Rb5 45. Rd4+ Ke6 46. a4 Rb3 47. e5 Rb4 48. Rxb4 axb4 49. a5 g5+ 50. Ke4 b3 51. Kd3 Kxe5 52. a6 b2 53. Kc2 Kf4 54. a7 Kxg4 55. a8Q h5 56. Kxb2 1-0

[Event "DSOL 05 Liga Gr-B 1st"]
[Site "Playchess.com INT"]
[Date "2020.07.17"]
[Round "4.4"]
[White "Binder, Kurt"]
[Black "Schneble, Milan"]
[Result "1-0"]
[WhiteElo "1361"]
[BlackElo "1529"]
[PlyCount "123"]
[EventDate "2020.06.22"]
[EventType "team-tourn (rapid)"]
[EventCountry "GER"]
[SourceTitle "EXT 2021"]
[Source "ChessBase"]
[SourceDate "2020.10.23"]
[SourceVersion "1"]
[SourceVersionDate "2020.10.23"]
[SourceQuality "1"]
[WhiteTeam "Ingolstadt"]
[BlackTeam "Birkenfeld"]
[WhiteTeamCountry "GER"]
[BlackTeamCountry "GER"]

1. e4 e5 2. Nf3 Nc6 3. Bb5 Bc5 4. 0-0 d6 5. d3 Bg4 6. Be3 Bb6 7. a3 Nge7 8. Bxb6 axb6 9. Nbd2 0-0 10. Bc4 Ng6 11. h3 Be6 12. Bxe6 fxe6 13. c3 d5 14. Re1 Qf6 15. b3 Nf4 16. exd5 exd5 17. Re3 Qg6 18. Ne1 d4 19. cxd4 exd4 20. Rg3 Qe6 21. Ne4 Nd5 22. Nf3 Qe7 23. a4 Rae8 24. Qd2 Nf4 25. Re1 Qb4 26. Nf6+ Rxf6 27. Rxe8+ Kf7 28. Rc8 Qxd2 29. Rxc7+ Kf8 30. Nxd2 Ne2+ 31. Kh2 Nxg3 32. Kxg3 Rg6+ 33. Kf3 Na5 34. Rd7 Rf6+ 35. Ke2 Re6+ 36. Kd1 Rf6 37. f3 Rf7 38. Rxd4 Nc6 39. Rd5 Rf6 40. Ne4 Rg6 41. g3 Ke7 42. d4 Ke6 43. Rb5 Nxd4 44. Rxb6+ Kd5 45. Rxb7 Nxf3 46. Rb4 Nd4 47. Nc3+ Kc5 48. Rc4+ Kb6 49. Nd5+ Ka5 50. Rxd4 Rxg3 51. b4+ Kxa4 52. h4 Rg2 53. Rd2 Rg4 54. h5 Rg5 55. h6 gxh6 56. Kc2 h5 57. Kc3 h4 58. Ra2+ Kb5 59. Ra5+ Kc6 60. Ne7+ Kd6 61. Rxg5 Kxe7 62. Rh5 1-0

[Event "GER-ch U25-B"]
[Site "Willingen"]
[Date "2019.06.13"]
[Round "7"]
[White "Schneble, Milan"]
[Black "Raasch, Hauke"]
[Result "0-1"]
[WhiteElo "1425"]
[BlackElo "1614"]
[PlyCount "108"]
[EventDate "2019.06.08"]
[EventType "swiss"]
[EventRounds "9"]
[EventCountry "GER"]
[SourceTitle "CBM 191 Extra"]
[Source "ChessBase"]
[SourceDate "2019.09.30"]
[SourceVersion "1"]
[SourceVersionDate "2019.09.30"]
[SourceQuality "1"]

1. e4 d5 2. exd5 Nf6 3. d4 Nxd5 4. c4 Nf6 5. Nc3 Bf5 6. Nf3 e6 7. Bd3 Bg6 8. Bg5 Be7 9. Qd2 Nbd7 10. 0-0 0-0 11. Rad1 c6 12. a3 a5 13. Bxg6 hxg6 14. Qf4 Nb6 15. c5 Nbd5 16. Nxd5 Nxd5 17. Qh4 Nf6 18. Rfe1 Re8 19. Re2 Nh7 20. Bxe7 Qxe7 21. Qxe7 Rxe7 22. h3 Nf6 23. Nd2 Rd7 24. Nc4 Nd5 25. Re5 a4 26. Rd3 Rad8 27. Nd6 Nf6 28. Kf1 Ne8 29. Nxe8 Rxe8 30. f4 Red8 31. Re4 Rd5 32. Ke2 g5 33. fxg5 Rxg5 34. Kf3 Rxc5 35. Re2 Rcd5 36. Ke3 Kf8 37. Rc2 Ke7 38. Rc4 Ra5 39. Rdc3 Rda8 40. Rb4 R8a7 41. g4 Kf6 42. Kf4 g5+ 43. Ke4 Kg6 44. Rc5 Rxc5 45. dxc5 Kf6 46. Rd4 Ke7 47. Ke5 Ra5 48. Rc4 Rb5 49. Rxa4 Rxb2 50. Ra7 f6+ 51. Ke4 Rb3 52. a4 e5 53. a5 Rb4+ 54. Kf5 Kf7 0-1

[Event "GER-ch U25-B"]
[Site "Willingen"]
[Date "2019.06.12"]
[Round "5"]
[White "Esefelder, Richard"]
[Black "Schneble, Milan"]
[Result "1-0"]
[WhiteElo "1627"]
[BlackElo "1425"]
[PlyCount "51"]
[EventDate "2019.06.08"]
[EventType "swiss"]
[EventRounds "9"]
[EventCountry "GER"]
[SourceTitle "CBM 191 Extra"]
[Source "ChessBase"]
[SourceDate "2019.09.30"]
[SourceVersion "1"]
[SourceVersionDate "2019.09.30"]
[SourceQuality "1"]

1. e4 e5 2. Nf3 Nc6 3. Bc4 Bc5 4. 0-0 d6 5. h3 Nf6 6. d3 h6 7. Nc3 0-0 8. Be3 Bxe3 9. fxe3 Re8 10. Nh4 Be6 11. Bxe6 fxe6 12. Qf3 Rf8 13. Ng6 Rf7 14. Rf2 Qd7 15. Raf1 Rd8 16. Qg3 Ne7 17. Nxe5 dxe5 18. Rxf6 Rxf6 19. Rxf6 Kh7 20. Rf7 Rg8 21. Qh4 Re8 22. Qg3 Rg8 23. Qxe5 Kg6 24. Qf4 e5 25. Rxe7 Qxe7 26. Qf5# 1-0

[Event "GER-ch U25-B"]
[Site "Willingen"]
[Date "2019.06.10"]
[Round "3"]
[White "Rabe, Maximilian"]
[Black "Schneble, Milan"]
[Result "1/2-1/2"]
[WhiteElo "1628"]
[BlackElo "1425"]
[PlyCount "86"]
[EventDate "2019.06.08"]
[EventType "swiss"]
[EventRounds "9"]
[EventCountry "GER"]
[SourceTitle "CBM 191 Extra"]
[Source "ChessBase"]
[SourceDate "2019.09.30"]
[SourceVersion "1"]
[SourceVersionDate "2019.09.30"]
[SourceQuality "1"]

1. e4 e5 2. Bc4 Nc6 3. Nf3 Bc5 4. c3 Nf6 5. d3 h6 6. 0-0 d6 7. b4 Bb6 8. a4 a5 9. b5 Ne7 10. h3 0-0 11. Nh4 Bd7 12. Kh1 c6 13. f4 exf4 14. Bxf4 Ne8 15. Bc1 Qc8 16. Qf3 Be6 17. Na3 d5 18. exd5 cxd5 19. Bb3 Qxc3 20. Rb1 Qf6 21. Qxf6 Nxf6 22. Bxh6 Bc5 23. Nc2 Nh5 24. Bf4 g5 25. Bxg5 Ng3+ 26. Kh2 Nxf1+ 27. Rxf1 Ng6 28. Nxg6 fxg6 29. Re1 Bf5 30. Bxd5+ Kg7 31. Bc4 Rfe8 32. Ne3 Bxe3 33. Rxe3 Rxe3 34. Bxe3 Re8 35. Bb6 Be6 36. Bxa5 Bxc4 37. Bc3+ Kf7 38. dxc4 Re4 39. c5 Rxa4 40. Be1 Rc4 41. Bf2 Rc3 42. h4 Ke6 43. g3 Rc2 1/2-1/2

[Event "GER-ch U25-B"]
[Site "Willingen"]
[Date "2019.06.09"]
[Round "2"]
[White "Rempe, Janne"]
[Black "Schneble, Milan"]
[Result "0-1"]
[WhiteElo "1720"]
[BlackElo "1425"]
[PlyCount "64"]
[EventDate "2019.06.08"]
[EventType "swiss"]
[EventRounds "9"]
[EventCountry "GER"]
[SourceTitle "CBM 191 Extra"]
[Source "ChessBase"]
[SourceDate "2019.09.30"]
[SourceVersion "1"]
[SourceVersionDate "2019.09.30"]
[SourceQuality "1"]

1. d4 d5 2. Nf3 Nf6 3. Bf4 Bf5 4. e3 Nbd7 5. c3 e6 6. Be2 c5 7. Nbd2 Be7 8. h3 0-0 9. g4 Bg6 10. Ne5 Nxe5 11. dxe5 Nd7 12. Nf3 f6 13. Bd3 Bxd3 14. Qxd3 fxe5 15. Bxe5 Rxf3 16. Bf4 Qf8 17. Qe2 Rxf4 18. exf4 Qf7 19. Rd1 Re8 20. 0-0 Bd6 21. Qb5 Nb6 22. f5 exf5 23. gxf5 Rd8 24. Qd3 Qh5 25. f4 Rf8 26. c4 Rxf5 27. cxd5 Rxd5 28. Qb3 Qg6+ 29. Kh1 Qe4+ 30. Kg1 c4 31. Qg3 Bc5+ 32. Kh2 Rxd1 0-1

[Event "Pfalz-ch HT4 87th"]
[Site "Landau"]
[Date "2018.03.25"]
[Round "3"]
[White "Fink, Joachim"]
[Black "Schneble, Milan"]
[Result "0-1"]
[WhiteElo "1189"]
[BlackElo "1216"]
[PlyCount "158"]
[EventDate "2018.03.23"]
[EventType "swiss"]
[EventRounds "7"]
[EventCountry "GER"]
[SourceTitle "EXT 2019"]
[Source "ChessBase"]
[SourceDate "2018.10.10"]
[SourceVersion "1"]
[SourceVersionDate "2018.10.10"]
[SourceQuality "1"]

1. d4 d5 2. h3 Nc6 3. c3 Nf6 4. Bf4 e6 5. Qc2 Bd6 6. Bg5 h6 7. Bxf6 Qxf6 8. g3 Bd7 9. Nd2 e5 10. e3 Qe6 11. dxe5 Nxe5 12. Ne2 Bb5 13. Nf4 Qd7 14. Nxd5 Bc6 15. Bg2 0-0 16. e4 Bxd5 17. exd5 Qb5 18. a4 Nd3+ 19. Kf1 Qxb2 20. Qxb2 Nxb2 21. Bf3 Nd3 22. Kg2 Nc5 23. Nc4 Rfe8 24. Nb2 Nb3 25. Rab1 Nd2 26. Rbd1 Nxf3 27. Kxf3 Bc5 28. Rhe1 Rad8 29. c4 Kf8 30. Kg2 Rd6 31. Rxe8+ Kxe8 32. Re1+ Kd7 33. Re2 Rb6 34. Nd3 Be7 35. f4 Rb3 36. Ne5+ Ke8 37. h4 Rb4 38. Ra2 Bd6 39. Nd3 Rxc4 40. Re2+ Kd7 41. Kf3 Rd4 42. Rd2 Rxd5 43. Ne5+ Ke6 44. Rxd5 Kxd5 45. Nxf7 c5 46. Nd8 b6 47. Ke3 a6 48. g4 b5 49. axb5 axb5 50. h5 b4 51. f5 b3 52. Kd2 b2 53. Kc2 Be5 54. Nb7 c4 55. Na5 c3 56. Nb3 Ke4 57. Nc5+ Kf4 58. Nd3+ Ke4 59. Nc5+ Kd5 60. Nd3 Bf6 61. Nb4+ Ke4 62. Nd3 Kf3 63. Nc5 Kxg4 64. Ne4 Kxh5 65. Ng3+ Kg4 66. Ne2 h5 67. Ng1 h4 68. Kb1 h3 69. Ne2 h2 70. Kc2 h1Q 71. Nxc3 Bxc3 72. Kxc3 b1R 73. Kd4 Qc6 74. Ke3 Rb5 75. Kd4 Qa6 76. f6 Qa4+ 77. Kc3 Rb3+ 78. Kc2 Qa2+ 79. Kc1 Rb1# 0-1

[Event "Pfalz-ch HT4 87th"]
[Site "Landau"]
[Date "2018.03.23"]
[Round "1"]
[White "Kuhn, Daniel"]
[Black "Schneble, Milan"]
[Result "1-0"]
[WhiteElo "1772"]
[BlackElo "1216"]
[PlyCount "49"]
[EventDate "2018.03.23"]
[EventType "swiss"]
[EventRounds "7"]
[EventCountry "GER"]
[SourceTitle "EXT 2019"]
[Source "ChessBase"]
[SourceDate "2018.10.10"]
[SourceVersion "1"]
[SourceVersionDate "2018.10.10"]
[SourceQuality "1"]

1. e4 e5 2. f4 d6 3. Nf3 Nc6 4. Bb5 f6 5. d3 Nge7 6. 0-0 g6 7. Qe1 Bg7 8. Bc4 d5 9. exd5 Nxd5 10. Nc3 Nxc3 11. bxc3 Qe7 12. fxe5 Nxe5 13. Nxe5 Qxe5 14. Qxe5+ fxe5 15. Rf7 Bf8 16. Bg5 Bd6 17. Re1 h6 18. Bf6 Rf8 19. Bxe5 Rxf7 20. Bxd6+ Kd7 21. Bxf7 Kxd6 22. Re8 Kd7 23. Bxg6 a5 24. Rh8 Ra6 25. Bf5+ 1-0